000 00330nam a2200145Ia 4500
008 100122s9999 xx 000 0 und d
082 _b48441
_a823
100 _aADRIAN JACK
245 _aDEATH LANDS
260 _bA GOLD EAGLE BOOK
_c1987
300 _a380
630 _aDEATH LANDS
730 _aDEATH LANDS
942 _cBOOK
999 _c374575
_d374572